00707 2200217 4500001002100000005001700021008004100038035002400079090001300103245011000116250001100226260008100237300003000318500003100348650004200379700001700421850001500438980001500453985000600468999001500474YOGYA-0209000003528520090227025006.0 ind  0010-020900000035285 a911bAsp aAspek geografi budaya dalam wilayah pembangunan daerah Istimewa AcehcTim penulis, Razali Umar...[et.al.] aCet. 1 aJakartabDepdikbud. Proyek Inventarisasi dan Dokumentasi Kebud. daerahc1983 axii, 110 hlmbilusc23 cm aBibliografi : hlm. 108-110 aDaerah Istimewa AcehxGeografi budaya aUmar, Razali aYOPDYOG(B) a20-09-2006 a1 aa000060229